Tribhuvan University Central Library

Essentials of nuclear chemistry (Record no. 9862)

MARC details
000 -LEADER
fixed length control field 003960000a22001810004500
082 ## - DEWEY DECIMAL CLASSIFICATION NUMBER
Classification number 541.38
Item number Ar62e
-- T
041 ## - LANGUAGE CODE
Language code of text/sound track or separate title Eng
100 ## - MAIN ENTRY--PERSONAL NAME
Personal name Arnikar, Hari Jeevan
245 ## - TITLE STATEMENT
Title Essentials of nuclear chemistry
250 ## - EDITION STATEMENT
Edition statement 3rd edn
260 ## - PUBLICATION, DISTRIBUTION, ETC. (IMPRINT)
Place of publication, distribution, etc New Delhi
Name of publisher, distributor, etc Wiley Eastern
260 ## - PUBLICATION, DISTRIBUTION, ETC. (IMPRINT)
Date of publication, distribution, etc 1990
300 ## - PHYSICAL DESCRIPTION
Extent xii,449p.
530 ## - ADDITIONAL PHYSICAL FORM AVAILABLE NOTE
Additional physical form available note M
650 ## - SUBJECT ADDED ENTRY--TOPICAL TERM
Topical term or geographic name as entry element Radiochemistry
650 ## - SUBJECT ADDED ENTRY--TOPICAL TERM
Topical term or geographic name as entry element Nuclear
942 ## - ADDED ENTRY ELEMENTS (KOHA)
Koha item type General Collections
Holdings
Withdrawn status Lost status Damaged status Not for loan Home library Current library Date acquired Total Checkouts Barcode Date last seen Price effective from Source of classification or shelving scheme Shelving location Total Renewals Full call number Date checked out Koha item type
        Tribhuvan University Central Library Tribhuvan University Central Library 06/20/2010   G51216 06/20/2010 06/20/2010            
        Tribhuvan University Central Library Tribhuvan University Central Library 07/09/2014 9 130734 03/07/2023 07/09/2014 Dewey Decimal Classification New Building 19 541.38 Ar62e 09/11/2022 General Collections